LEADER 00860cam0 2200277 450 001 000007659 005 20080718102146.0 010 $a88-251-7271-0 100 $a20070306d2001----km-y0itay50------ba 101 0 $aita 102 $aIT 105 $ay-------001yy 200 1 $aTecnologia dei materiali. Ceramici, polimeri e compositi$fLuca Bertolini ... et al.! 205 $aNuova ed 210 $aTorino$cCittaStudi$d2001 215 $aIX, 174 p.$d24 cm 410 0$12001 610 1 $aCalcestruzzi - Leganti$aPolimeri 610 1 $aMateriali compositi$aMateriali ceramici 676 $a620.136$v20 702 1$aBertolini,$bLuca 801 0$aIT$bUNIPARTHENOPE$c20070306$gRICA$2UNIMARC 912 $a000007659 951 $aP1 620-T/1$b39193$cPIST$d2007 996 $aTecnologia dei materiali. Ceramici, polimeri e compositi$91205677 997 $aUNIPARTHENOPE LEADER 01305nam--2200409---450- 001 990000744140203316 005 20050203175543.0 010 $a88-15-01803-4 035 $a0074414 035 $aUSA010074414 035 $a(ALEPH)000074414USA01 035 $a0074414 100 $a20011115d1988----km-y0itay0103----ba 101 $aita 102 $aIT 105 $a||||||||001yy 200 1 $a<> musica al servizio del re$eFrancia$e17. secolo$fRobert M. Isherwood$g[traduzione di Fabrizio Della Seta] 210 $aBologna$cIl Mulino$d1988 215 $a422 p$cill.$d22 cm 225 2 $aBiblioteca storica 312 $aMusic in the service of the king 410 $12001$aBiblioteca storica 454 $12001$aMusic in the service of the king$937815 606 0 $aMusica$yFrancia$xStoria$zsec. 17. 676 $a780.944 700 1$aISHERWOOD,$bRobert M.$0153817 801 0$aIT$bsalbc$gISBD 912 $a990000744140203316 951 $aXIII.3.C. 22(VARIE COLL. 647/11)$b98466 LM$cVARIE COLL 959 $aBK 969 $aUMA 979 $aPATTY$b90$c20011115$lUSA01$h1015 979 $c20020403$lUSA01$h1722 979 $aPATRY$b90$c20040406$lUSA01$h1651 979 $aCOPAT2$b90$c20050203$lUSA01$h1755 996 $aMusic in the service of the king$937815 997 $aUNISA LEADER 01134nam0 22003011i 450 001 UON00514117 005 20231205105512.701 010 $a36-08-93669-6 100 $a20230509d1994 |0itac50 ba 101 $ager 102 $aDE 105 $a|||| ||||| 200 1 $aCinéma$eArbeiten zum Film$fJean Améry$gherausgegeben un mit einem Nachwort von Joachim Kalka 210 $a[Stuttgart]$c[Klett-Cotta]$d[1994] 215 $a119 p.$d18 cm 410 1$1001UON00514123$12001 $aCotta's Bibliothek der Moderne 606 $aLetteratura tedesca$3UONC051344$2FI 620 $aDE$dStuttgart$3UONL003712 676 $a830$cLetteratura tedesca$v21 700 1$aAMERY$bJean$3UONV122003$0409674 702 1$aKalka$bJoachim$f1948-$3UONV290405 712 $aKlett-Cotta$3UONV246837$4650 801 $aIT$bSOL$c20251107$gRICA 899 $aSIBA - SISTEMA BIBLIOTECARIO DI ATENEO$2UONSI 912 $aUON00514117 950 $aSIBA - SISTEMA BIBLIOTECARIO DI ATENEO$dSI F. Goethe 830 AME 1361 $eSI 42479 5 1361 996 $aCinéma$93902867 997 $aUNIOR